Du Journalisme en démocratie (notice n° 2034143)

détails MARC
000 -LEADER
fixed length control field 01534cam a2200133 4500500
005 - DATE AND TIME OF LATEST TRANSACTION
control field 20260405000135.0
041 ## - LANGUAGE CODE
Language code of text/sound track or separate title fre
042 ## - AUTHENTICATION CODE
Authentication code dc
100 10 - MAIN ENTRY--PERSONAL NAME
Personal name Muhlmann, Géraldine
Relator term author
245 00 - TITLE STATEMENT
Title Du Journalisme en démocratie
260 ## - PUBLICATION, DISTRIBUTION, ETC.
Name of publisher, distributor, etc. Klincksieck,<br/>
Date of publication, distribution, etc. 2017.<br/>
520 ## - SUMMARY, ETC.
Summary, etc. A quoi sert le journalisme en démocratie ? Que veut dire voir et faire voir le monde au présent ? Quel est le sens politique d'une telle activité ? Existe-t-il un journalisme « idéal », à l'aune duquel juger le journalisme « réel » ? Sur quelle base le critiquer, et pour lui indiquer quels chemins aujourd'hui ?Dans cet essai stimulant, le premier à soumettre le journalisme à un questionnement philosophique, Géraldine Muhlmann montre qu'une double tâche est assignée au journalisme : faire vivre du conflit et tisser du commun au sein de la communauté politique. C'est finalement l'énigme de la démocratie qu'elle explore : la coexistence de deux scènes, celle des actions et celle des représentants, la seconde offrant une issue symbolique aux conflits qui agitent la première. Une préface inédite met cet essai à l'épreuve des problèmes les plus aigus auxquels le journalisme est confronté aujourd'hui : le complotisme et les fake news ; la vitesse de l'information et son « séquençage » ; ou encore, le phénomène des « lanceurs d'alerte », dans ce qu'il a d'ancien et de nouveau.
856 41 - ELECTRONIC LOCATION AND ACCESS
Uniform Resource Identifier <a href="https://shs.cairn.info/du-journalisme-en-democratie--9782252040904?lang=fr&redirect-ssocas=7080">https://shs.cairn.info/du-journalisme-en-democratie--9782252040904?lang=fr&redirect-ssocas=7080</a>

Pas d'exemplaire disponible.

PLUDOC

PLUDOC est la plateforme unique et centralisée de gestion des bibliothèques physiques et numériques de Guinée administré par le CEDUST. Elle est la plus grande base de données de ressources documentaires pour les Étudiants, Enseignants chercheurs et Chercheurs de Guinée.

Adresse

627 919 101/664 919 101

25 boulevard du commerce
Kaloum, Conakry, Guinée

Réseaux sociaux

Powered by Netsen Group @ 2025